To improve heath and heath care - vol 7

Đã lưu trong:
書目詳細資料
格式: 圖書
出版: 2004
標簽: 添加標簽
沒有標簽, 成為第一個標記此記錄!
Thư viện lưu trữ: Mạng thư viện Đại học Đà Nẵng
LEADER 00449nam a22001811a 4500
001 000037502
003 13797
005 20160412020352.0
008 160412s2004 000
082 |a 4A(07)760 
245 |a To improve heath and heath care - vol 7  |c Stephenl Isaacs 
260 |c 2004 
OWN |a LNN 
999 |a From the UDN01 
TYP |a Monograph 
980 |a Mạng thư viện Đại học Đà Nẵng